Mapa de carreteres : província de Barcelona : octubre de 2007 / coordinació: Servei de Vies Locals província de Barcelona :
ISBN:
978-84-9803-223-9
Descripción Física:
1 mapa : col. : escala 1: 200000 ; 67 x 63 cm plegat a 17 x 10 cm
MARC
| LEADER | 00000nam a2200000Ia 4500 | ||
|---|---|---|---|
| 001 | 19795 | ||
| 008 | 160829s2007 xx 000 0 cat d | ||
| 020 | |a 978-84-9803-223-9 | ||
| 080 | |a FU-10-23 | ||
| 245 | |a Mapa de carreteres : |b província de Barcelona : |b octubre de 2007 / coordinació: |b Servei de Vies Locals | ||
| 260 | |a Barcelona : |b Diputació de Barcelona, |c 2007 | ||
| 300 | |a 1 mapa : |b col. : |b escala 1: |b 200000 ; |c 67 x 63 cm plegat a 17 x 10 cm | ||
| 650 | |a Barcelona (Província) |x Mapes de carreteres |9 43863 | ||
| 650 | |a Mapes de carreteres |x Barcelona (Província) |9 43864 | ||
| 710 | |a Barcelona (Catalunya : Província). |b Servei de Vies Locals |e entitat coordinadora |9 53817 | ||
| 901 | |a Arxiu | ||
| 942 | |n 1 |2 udc | ||
| 952 | |0 0 |1 0 |4 0 |6 FU1023 |7 1 |9 51713 |a Arxiu |b Arxiu |d 2016-12-01 |l 0 |o FU-10-23 |p 19795 |r 2016-12-01 00:00:00 |w 2016-12-01 |y ARXIU | ||
| 999 | |c 55559 |d 55559 | ||